| 000 | 00424pab a2200181 454500 | ||
|---|---|---|---|
| 008 | 180718b2005 xxu||||| |||| 00| 0 eng d | ||
| 100 | _aReddy, K. Ranga | ||
| 245 | _aStatus and policy options | ||
| 260 | _c2005 | ||
| 300 | _ap.9-16. | ||
| 362 | _aMay | ||
| 650 | _aEconomic growth | ||
| 650 | _aInfrastructure development | ||
| 700 | _aSingh, Prem | ||
| 700 | _aRay, Amitabha | ||
| 773 | _aYojana | ||
| 909 | _a64857 | ||
| 999 |
_c64857 _d64857 |
||